Marketingová konkurenčná výhoda - spôsoby jej získavania
Podstata marketingového vnímania konkurenčnej výhody. Koncepčný model konkurencieschopnosti. Core competency - kľúčová kompetencia. Outsourcing ako jeden zo zdrojov konkurenčnej výhody. Konkurenčná výhoda vyplývajúca z motivovaných zamestnancov. Šestnásť oblastí, v ktorých môžu organizácie významným...
Salvato in:
| Autore principale: | |
|---|---|
| Altri autori: | |
| Natura: | Capitolo di libro |
| Lingua: | slovacco |
| Soggetti: | |
| Tags: |
Nessun Tag, puoi essere il primo ad aggiungerne!!
|
MARC
| LEADER | 00000naa$a2200000$$$4500 | ||
|---|---|---|---|
| 001 | 0155087 | ||
| 005 | 20240502072728.2 | ||
| 041 | 0 | |a slo | |
| 044 | |a SK | ||
| 245 | 1 | 0 | |a Marketingová konkurenčná výhoda - spôsoby jej získavania |c Štefan Majtán, Martina Štofaniková |
| 520 | |a Podstata marketingového vnímania konkurenčnej výhody. Koncepčný model konkurencieschopnosti. Core competency - kľúčová kompetencia. Outsourcing ako jeden zo zdrojov konkurenčnej výhody. Konkurenčná výhoda vyplývajúca z motivovaných zamestnancov. Šestnásť oblastí, v ktorých môžu organizácie významným spôsobom prispieť k vytvoreniu konkurenčnej výhody. | ||
| 610 | 2 | 0 | |a konkurencieschopnosť |
| 610 | 2 | 0 | |a výhody konkurenčné |
| 610 | 2 | 0 | |a firmy |
| 610 | 2 | 0 | |a organizácie |
| 610 | 2 | 0 | |a marketing |
| 610 | 2 | 0 | |a ceny |
| 610 | 2 | 0 | |a kooperácia |
| 610 | 2 | 0 | |a kúpa |
| 610 | 2 | 0 | |a klaster |
| 610 | 2 | 0 | |a outsourcing |
| 610 | 2 | 0 | |a kompetencie |
| 610 | 2 | 0 | |a zamestnanci |
| 610 | 2 | 0 | |a hodnota |
| 610 | 2 | 0 | |a motivácia |
| 100 | 1 | |a Majtán, Štefan | |
| 700 | 1 | |a Štofaniková, Martina | |